[Event "31st WCh U20 Girls"]
[Site "Kocaeli TUR"]
[Date "2013.09.25"]
[Round "12.37"]
[White "Birgelir, Melisa"]
[Black "Micoogullari, Lara"]
[Result "1/2-1/2"]
[WhiteElo "1617"]
[BlackElo "1585"]
[EventDate "2013.09.13"]
[PlyCount "49"]

1.e4 c5 2.Nf3 Nc6 3.d4 cxd4 4.Nxd4 e5 5.Nb5 a6 6.Nd6+ Bxd6 7.Qxd6 Qf6 8.
Qxf6 Nxf6 9.f3 O-O 10.Bd3 Nb4 11.O-O Nxd3 12.cxd3 d5 13.Bg5 dxe4 14.dxe4 
Nd7 15.Nc3 h6 16.Be3 Nf6 17.Rfd1 Be6 18.Rd6 Rfd8 19.Rad1 Rxd6 20.Rxd6 b5 
21.a3 Bc4 22.Bb6 Kf8 23.Rd8+ Rxd8 24.Bxd8 Nd7 25.Ba5 1/2-1/2

[Event "31st WCh U20 Girls"]
[Site "Kocaeli TUR"]
[Date "2013.09.25"]
[Round "12.38"]
[White "Zdilar, Emilija"]
[Black "Sen, Beril Berfin"]
[Result "1-0"]
[WhiteElo "1885"]
[BlackElo "1609"]
[EventDate "2013.09.13"]
[PlyCount "89"]

1.e4 e5 2.Nf3 Nc6 3.Bc4 Bc5 4.d3 Nf6 5.O-O O-O 6.c3 d6 7.Bg5 h6 8.Bh4 Be6 
9.Bb3 Bb6 10.Nbd2 Bxb3 11.Qxb3 Re8 12.Rfe1 Re6 13.Rad1 Qe8 14.Nf1 Ne7 15.
Qc2 Ng6 16.Bxf6 Rxf6 17.d4 Rd8 18.Ne3 exd4 19.cxd4 Nf4 20.Nc4 Qd7 21.e5 
Qg4 22.Ne3 Qg6 23.exf6 Qxf6 24.Qf5 Qxf5 25.Nxf5 Kf8 26.Ne3 Ba5 27.Nd2 Nd3 
28.Rf1 Nxb2 29.Rb1 Bc3 30.Ndc4 Nxc4 31.Nxc4 d5 32.Ne3 Bxd4 33.Rfd1 Bxe3 
34.fxe3 b6 35.Rb3 Ke7 36.Rbd3 c6 37.Kf2 f5 38.Kf3 Ke6 39.g3 Ke5 40.Ra3 Rd7
41.h4 Rf7 42.Rad3 g6 43.Rd4 Rd7 44.g4 Rf7 45.Rf4 1-0

[Event "31st WCh U20 Girls"]
[Site "Kocaeli TUR"]
[Date "2013.09.26"]
[Round "13.15"]
[White "Furtado, Ivana Maria"]
[Black "Nasriddinzoda, Marvorii"]
[Result "1-0"]
[WhiteElo "2134"]
[BlackElo "2032"]
[EventDate "2013.09.13"]
[PlyCount "83"]

1.d4 Nf6 2.c4 e6 3.Nc3 b6 4.e4 Bb7 5.Bd3 Nc6 6.Nf3 d6 7.d5 Ne5 8.Nxe5 dxe5
9.dxe6 fxe6 10.Be3 Qd7 11.Qe2 Bb4 12.O-O Bxc3 13.bxc3 c5 14.Rad1 Qc6 15.
Bc2 O-O 16.f3 Rad8 17.Bg5 Ba6 18.Bb3 Bc8 19.Rd2 Rd7 20.Rxd7 Bxd7 21.Rd1 
Rf7 22.Rd2 Be8 23.Bh4 Qc7 24.g4 Bc6 25.Bg3 Kf8 26.Qe3 h6 27.g5 hxg5 28.
Qxg5 Nd7 29.Qg4 Rf6 30.Rg2 Qd6 31.Bh4 Rf7 32.Qg5 Kg8 33.Rd2 Qf8 34.Bd1 a6 
35.Qg4 Qe8 36.Rd6 Nf8 37.Rd8 Rf4 38.Qg5 Qf7 39.Bg3 Rf6 40.Qxe5 Qg6 41.Qd6 
Be8 42.e5 1-0

[Event "31st WCh U20 Girls"]
[Site "Kocaeli TUR"]
[Date "2013.09.26"]
[Round "13.24"]
[White "Krumova, Ani"]
[Black "De Seroux, Camille"]
[Result "1-0"]
[WhiteElo "1993"]
[BlackElo "2108"]
[EventDate "2013.09.13"]
[PlyCount "71"]

1.e4 c5 2.Nc3 Nc6 3.f4 g6 4.Nf3 Bg7 5.g3 d6 6.Bg2 Nf6 7.O-O O-O 8.d3 Rb8 
9.h3 b5 10.Ne2 b4 11.g4 a5 12.f5 Nd7 13.Qe1 a4 14.Rb1 Nde5 15.b3 Nxf3+ 16.
Rxf3 Qa5 17.Bb2 Ne5 18.Rf1 Bb7 19.Qh4 Rfe8 20.g5 gxf5 21.Bxe5 Bxe5 22.Rxf5
Rf8 23.Rbf1 Bc8 24.R5f2 axb3 25.axb3 Qa2 26.Kh1 Bd7 27.Nf4 Bd4 28.Rf3 Bc6 
29.Rg3 Qb2 30.Nh5 Kh8 31.Bf3 Ra8 32.Bg4 Ra1 33.Rf3 Qxc2 34.Nf6 Rxf1+ 35.
Rxf1 Bxf6 36.Bf5 1-0

[Event "31st WCh U20 Girls"]
[Site "Kocaeli TUR"]
[Date "2013.09.26"]
[Round "13.32"]
[White "Gueci, Laura"]
[Black "Firat, Deniz"]
[Result "1-0"]
[WhiteElo "1904"]
[BlackElo "1664"]
[EventDate "2013.09.13"]
[PlyCount "47"]

1.c4 c5 2.g3 Nf6 3.Bg2 d5 4.cxd5 Nxd5 5.Nc3 Nc7 6.e3 e5 7.Nge2 Nd7 8.O-O 
Be7 9.d4 cxd4 10.exd4 exd4 11.Nxd4 Nf6 12.Qa4+ Bd7 13.Qc2 Qc8 14.Re1 Ne6 
15.Nf5 Bf8 16.Bf4 g6 17.Nd6+ Bxd6 18.Bxd6 Bc6 19.Bxc6+ Qxc6 20.Be5 Ke7 21.
Qb3 Nc5 22.Qb4 b6 23.Bxf6+ Kxf6 24.Qd4+ 1-0

[Event "31st WCh U20 Girls"]
[Site "Kocaeli TUR"]
[Date "2013.09.26"]
[Round "13.33"]
[White "Matute Loja, Belen"]
[Black "Aslan, Cagla Yaren"]
[Result "0-1"]
[WhiteElo "1955"]
[BlackElo "1697"]
[EventDate "2013.09.13"]
[PlyCount "46"]

1.e4 c5 2.Nf3 d6 3.d4 cxd4 4.Nxd4 Nf6 5.Nc3 g6 6.f4 Nc6 7.Nf3 Bg7 8.Bd3 
Bg4 9.O-O Nd4 10.Be2 Nxe2+ 11.Qxe2 O-O 12.Kh1 Qa5 13.Qe1 b5 14.e5 dxe5 15.
Nxe5 b4 16.Nc6 Qc5 17.Nxe7+ Kh8 18.Na4 Qb5 19.b3 Rfe8 20.Bb2 Be2 21.Qh4 
Bxf1 22.Qxf6 Rg8 23.Nxg8 Bxf6 0-1

[Event "31st WCh U20 Girls"]
[Site "Kocaeli TUR"]
[Date "2013.09.26"]
[Round "13.36"]
[White "Micoogullari, Lara"]
[Black "Gulay, Ayca Nuriye"]
[Result "1/2-1/2"]
[WhiteElo "1585"]
[BlackElo "1634"]
[EventDate "2013.09.13"]
[PlyCount "39"]

1.Nf3 Nf6 2.g3 g6 3.d4 d5 4.Bg2 Bg7 5.O-O O-O 6.b3 b6 7.Bb2 Bb7 8.c4 e6 9.
e3 Re8 10.Nc3 Nbd7 11.Rc1 dxc4 12.bxc4 c5 13.dxc5 Nxc5 14.Qxd8 Rexd8 15.
Rfd1 Rxd1+ 16.Rxd1 Nfd7 17.Ba1 Nf6 18.Bb2 Nfd7 19.Ba1 Nf6 20.Bb2 1/2-1/2

[Event "31st WCh U20 Girls"]
[Site "Kocaeli TUR"]
[Date "2013.09.26"]
[Round "13.37"]
[White "Adanmis, Ezgi"]
[Black "Birgelir, Melisa"]
[Result "1/2-1/2"]
[WhiteElo "1499"]
[BlackElo "1617"]
[EventDate "2013.09.13"]
[PlyCount "31"]

1.e4 e6 2.d4 d5 3.Nc3 dxe4 4.Nxe4 Nd7 5.Nf3 Ngf6 6.Nxf6+ Nxf6 7.Bd3 Be7 8.
O-O O-O 9.Re1 c5 10.c3 Qc7 11.Qc2 h6 12.h3 Qc6 13.Qe2 Qc7 14.Qc2 Qc6 15.
Qe2 Qc7 16.Qc2 1/2-1/2

[Event "31st WCh U20 Girls"]
[Site "Kocaeli TUR"]
[Date "2013.09.26"]
[Round "13.38"]
[White "Zdilar, Emilija"]
[Black "Guney, Gamze Nur"]
[Result "1-0"]
[WhiteElo "1885"]
[BlackElo "1731"]
[EventDate "2013.09.13"]
[PlyCount "77"]

1.e4 c5 2.Nc3 d6 3.f4 g6 4.Nf3 Bg7 5.Bc4 Nf6 6.d3 a6 7.O-O b5 8.Bb3 Qb6 9.
Kh1 O-O 10.Qe1 e6 11.Qh4 Nc6 12.e5 Ne8 13.Ne4 dxe5 14.fxe5 Nxe5 15.Nxe5 
Bxe5 16.Bh6 f6 17.Bxf8 Kxf8 18.Rab1 Kg7 19.c3 Bb7 20.Qf2 Bxe4 21.dxe4 Qc6 
22.Qf3 a5 23.Rfe1 Nc7 24.Red1 Na6 25.Rd2 c4 26.Bc2 Nc5 27.Rbd1 Bc7 28.b3 
Rf8 29.b4 axb4 30.cxb4 Na6 31.Rd7+ Rf7 32.Rxf7+ Kxf7 33.a3 Ke7 34.Qe3 Qe8 
35.Qh6 Qf7 36.Qe3 Qe8 37.Qh3 h5 38.Qe3 Nxb4 39.Qc5+ 1-0